000 01272cam a22003734i 4500
003 PE-LiUPU
005 20250731184056.0
008 150617s r 000 0 d
035 _a(Sirsi) a18779
040 _aPE-LiUPU
_bspa
_cPE-LiUPU
_erda
049 _aPRUA
082 0 4 _a869.508
_bP838p
_223
100 1 _aPorras Barrenechea, Raúl,
_d1897-1960
_eautor.
_92264
245 1 0 _aPequeña antología de Lima /
_cpor Raúl Porras Barrenechea.
264 1 _aLima :
_bMinerva,
_c1965.
300 _a399 páginas ;
_c22 centímetros.
336 _atext
_2rdacontent
337 _aunmediated
_2rdamedia
338 _avolume
_2rdacarrier
505 0 _aLa fundación -- Pizarro, el fundador -- Lima en el siglo XVI -- Lima en el siglo XVII -- Lima en el siglo XVIII -- Lima en la independencia -- Lima republicana.
526 _aP145
526 _aP127
526 _aP97
526 _aP14
526 _aP07
600 2 4 _aPizarro, Francisco.
_dca. 1475-1541
651 1 4 _aLima, Lima (Perú : Distrito Capital)
_xHistoria.
_92159
651 2 4 _aLima, Lima (Perú : Distrito Capital)
_xDescripciones y viajes.
_94328
910 _ajck
942 _2ddc
_cBK
980 _81
_gALBERTO SANCHEZ Responsable de Automatización
999 _c18507
_d18507